Fiqah Muslimah Dari Perspektif Agama & Medik (Record no. 4943)
[ view plain ]
| 000 -LEADER | |
|---|---|
| fixed length control field | 00678nam a22002177a 4500 |
| 005 - DATE AND TIME OF LATEST TRANSACTION | |
| control field | 20220420083245.0 |
| 008 - FIXED-LENGTH DATA ELEMENTS--GENERAL INFORMATION | |
| fixed length control field | 220420b20 m ||||| |||| 00| 0 m d |
| 020 ## - INTERNATIONAL STANDARD BOOK NUMBER | |
| International Standard Book Number | 9789673887095 |
| Terms of availability | RM 35.00 |
| 040 ## - CATALOGING SOURCE | |
| Original cataloging agency | AKMAL |
| 082 ## - DEWEY DECIMAL CLASSIFICATION NUMBER | |
| Classification number | 297.57 NOR |
| 090 ## - LOCALLY ASSIGNED LC-TYPE CALL NUMBER (OCLC); LOCAL CALL NUMBER (RLIN) | |
| Classification number (OCLC) (R) ; Classification number, CALL (RLIN) (NR) | 297.57 |
| Local cutter number (OCLC) ; Book number/undivided call number, CALL (RLIN) | NOR |
| 100 00 - MAIN ENTRY--PERSONAL NAME | |
| Personal name | Ustazah Dr. Nor Zatu Amni Mohammad |
| 9 (RLIN) | 9408 |
| 245 10 - TITLE STATEMENT | |
| Title | Fiqah Muslimah Dari Perspektif Agama & Medik |
| Statement of responsibility, etc. | Nor Zatu Amni Mohammad |
| 260 ## - PUBLICATION, DISTRIBUTION, ETC. | |
| Place of publication, distribution, etc. | Kuala Lumpur |
| Name of publisher, distributor, etc. | Telaga Biru |
| Date of publication, distribution, etc. | 2021 |
| 300 ## - PHYSICAL DESCRIPTION | |
| Extent | xii, 252 pg |
| Other physical details | ill |
| Dimensions | 24cm |
| 504 #0 - BIBLIOGRAPHY, ETC. NOTE | |
| Bibliography, etc. note | Includes bibiligrafi |
| 650 ## - SUBJECT ADDED ENTRY--TOPICAL TERM | |
| Topical term or geographic name entry element | Islam |
| General subdivision | Customs & Practies |
| 9 (RLIN) | 9409 |
| 650 ## - SUBJECT ADDED ENTRY--TOPICAL TERM | |
| Topical term or geographic name entry element | women in Isam |
| 9 (RLIN) | 9410 |
| 650 ## - SUBJECT ADDED ENTRY--TOPICAL TERM | |
| Topical term or geographic name entry element | muslim women religous life |
| 9 (RLIN) | 9411 |
| 942 ## - ADDED ENTRY ELEMENTS (KOHA) | |
| Source of classification or shelving scheme | |
| Koha item type | Book |
| Withdrawn status | Lost status | Source of classification or shelving scheme | Damaged status | Not for loan | Collection code | Home library | Current library | Shelving location | Date acquired | Serial Enumeration / chronology | Full call number | Barcode | Date last seen | Price effective from | Koha item type |
|---|---|---|---|---|---|---|---|---|---|---|---|---|---|---|---|
| NON-FICTION | AKMAL Melaka | AKMAL Melaka | PINJAMAN | 20.04.2022 | 01147 | 297.57 NOR | 201708123 | 20.04.2022 | 20.04.2022 | Book |
